Statistics for Pokémon names that end with E

Click here to take the quiz!

General Stats

  • This quiz has been taken 127 times
    (55 since last reset)
  • The average score is 37 of 136

Answer Stats

GenPokémon% Correct
ISquirtle
71%
IBlastoise
71%
IWartortle
67%
IEevee
67%
ICaterpie
50%
IArcanine
50%
IIISceptile
50%
IButterfree
50%
IVGrotle
50%
IITotodile
46%
IWeedle
46%
VServine
46%
IIIGrovyle
46%
IGeodude
46%
IISuicune
42%
IElectrode
42%
IVInfernape
42%
IVCombee
42%
VIIDecidueye
38%
IOmanyte
38%
IVElectivire
38%
IVGallade
38%
IVileplume
38%
IGrowlithe
38%
IIIWurmple
38%
IHitmonlee
38%
VIFroakie
33%
IIIRegice
33%
IVPhione
33%
VPignite
33%
IIIMeditite
33%
IMagnemite
33%
IPrimeape
33%
IIIKyogre
33%
VSandile
33%
IVCarnivine
33%
VIAromatisse
33%
IDragonite
33%
VIDoublade
33%
IIIBanette
33%
ICubone
33%
VBlitzle
33%
VIIBrionne
33%
IIICacturne
33%
IVRoserade
29%
IMachoke
29%
IVMagnezone
29%
VVanillite
29%
IIMantine
29%
IIIMawile
29%
VTympole
29%
IVUxie
29%
IIISableye
29%
IMr. Mime
29%
IStarmie
29%
VISpritzee
29%
VPansage
29%
ISlowpoke
29%
VPidove
29%
VSimisage
29%
IIIPlusle
29%
IIISalamence
29%
VIZygarde
29%
IIILombre
29%
IVKricketune
29%
IIIGlalie
29%
VCrustle
29%
IDrowzee
29%
VDwebble
29%
IIIElectrike
29%
IVGabite
29%
IVGible
29%
IClefable
29%
VIHonedge
29%
VIFloette
25%
VSewaddle
25%
IVMantyke
25%
VIITapu Lele
25%
IIIZangoose
25%
VCottonee
25%
IITyrogue
25%
VIIISobble
25%
IRaticate
25%
IIILinoone
25%
VIFlabébé
25%
IExeggcute
25%
VIDragalge
21%
VIDiancie
21%
VVanilluxe
21%
IVMamoswine
21%
IIShuckle
21%
VIDedenne
21%
VChandelure
21%
IISmeargle
21%
VIIICinderace
21%
VKrookodile
21%
VIBinacle
21%
IIDunsparce
21%
IIILunatone
21%
VIHelioptile
21%
VIIIMr. Rime
21%
VFraxure
21%
VIBarbaracle
21%
VBoldore
21%
IIPiloswine
21%
VITalonflame
17%
IVWeavile
17%
IIQuagsire
17%
IIIIllumise
17%
VIIXurkitree
17%
VGothitelle
17%
VIIMareanie
17%
VIIBuzzwole
13%
VWhirlipede
13%
VIIIZarude
13%
VVenipede
13%
VIBergmite
13%
VIISalazzle
13%
VIISteenee
13%
VIICrabominable
13%
VScolipede
13%
VIIIDrizzile
13%
VIIPoipole
13%
VIIIEiscue
8%
VIIIHatterene
8%
VIIMudsdale
8%
VIIIOrbeetle
8%
VIIRibombee
8%
VIIICorvisquire
8%
VIIIRookidee
8%
VIIISizzlipede
8%
VIIIChewtle
8%
VIIIAlcremie
8%
VIIIFlapple
4%
VIIDhelmise
4%
VIIIIndeedee
4%

Score Distribution

Percentile by Number Answered

Percent of People with Each Score

Your Score History

You have not taken this quiz since the last reset